[Event "Satu Mare Ferroli op"]
[Site "Satu Mare"]
[Date "2018.11.04"]
[Round "9"]
[White "Breitkopf, Ioan Francisc"]
[Black "Korn, Lorant"]
[Result "1-0"]
[WhiteElo "1956"]
[BlackElo "1771"]
[PlyCount "45"]
[EventDate "2018.10.30"]
[EventType "swiss"]
[EventRounds "9"]
[EventCountry "ROU"]
[SourceTitle "CBM 187 Extra"]
[Source "ChessBase"]
[SourceDate "2018.11.04"]
[SourceVersion "1"]
[SourceVersionDate "2018.11.04"]
[SourceQuality "1"]

1. e4 e5 2. d4 exd4 3. Nf3 d6 4. Nxd4 Nf6 5. Nc3 g6 6. Bg5 Bg7 7. Be2 c6 8. Qd2 h6 9. Bf4 Qe7 10. Nb3 Nxe4 11. Nxe4 Qxe4 12. Bxd6 Be6 13. 0-0 Nd7 14. Bf3 Qf5 15. Nd4 Bxd4 16. Qxd4 Qf6 17. Qe3 Kd8 18. Rfe1 Qg5 19. Qc3 Qf6 20. Qa5+ Nb6 21. Be5 Qg5 22. h4 Qe7 23. Rad1+ 1-0

[Event "Satu Mare Ferroli op"]
[Site "Satu Mare"]
[Date "2018.10.31"]
[Round "2"]
[White "Muller, Wilhelm"]
[Black "Korn, Lorant"]
[Result "1/2-1/2"]
[WhiteElo "1891"]
[BlackElo "1771"]
[PlyCount "112"]
[EventDate "2018.10.30"]
[EventType "swiss"]
[EventRounds "9"]
[EventCountry "ROU"]
[SourceTitle "CBM 187 Extra"]
[Source "ChessBase"]
[SourceDate "2018.11.04"]
[SourceVersion "1"]
[SourceVersionDate "2018.11.04"]
[SourceQuality "1"]

1. Nf3 Nf6 2. c4 g6 3. d4 Bg7 4. Nc3 d6 5. g3 c5 6. dxc5 0-0 7. cxd6 e6 8. Bg2 Qb6 9. 0-0 Rd8 10. Nb5 Ne8 11. Bg5 Rd7 12. Be3 Qa5 13. Qc2 Nxd6 14. Nxd6 Rxd6 15. Rfd1 Rxd1+ 16. Rxd1 Nc6 17. a3 e5 18. Ng5 Bf5 19. Qb3 Qc7 20. Bd5 Nd8 21. Ne4 Ne6 22. Qxb7 Qxb7 23. Bxb7 Rb8 24. Nd6 Nd4 25. Bxd4 exd4 26. Bd5 Rxb2 27. Bxf7+ Kf8 28. Nxf5 gxf5 29. Bh5 Rc2 30. Rb1 Be5 31. Rb5 Bd6 32. Rxf5+ Ke7 33. Rf7+ Ke6 34. Rxa7 Bc5 35. Bg4+ Ke5 36. Rd7 Rxc4 37. Rxh7 d3 38. exd3 Rxg4 39. Rh5+ Kd6 40. Kg2 Bxa3 41. f4 Rg7 42. Ra5 Bc1 43. Kf3 Bd2 44. Ra2 Bc3 45. Re2 Kd5 46. Re4 Bf6 47. g4 Rh7 48. g5 Rh3+ 49. Kg4 Rxd3 50. Kf5 Bh8 51. Re8 Rh3 52. Re2 Rh4 53. Rg2 Bd4 54. Rd2 Kc4 55. Rxd4+ Kxd4 56. g6 Rxh2 1/2-1/2

[Event "Satu Mare Ferroli op"]
[Site "Satu Mare"]
[Date "2018.10.30"]
[Round "1"]
[White "Korn, Lorant"]
[Black "Costin, Petrica"]
[Result "0-1"]
[WhiteElo "1771"]
[BlackElo "2158"]
[PlyCount "61"]
[EventDate "2018.10.30"]
[EventType "swiss"]
[EventRounds "9"]
[EventCountry "ROU"]
[SourceTitle "CBM 187 Extra"]
[Source "ChessBase"]
[SourceDate "2018.11.04"]
[SourceVersion "1"]
[SourceVersionDate "2018.11.04"]
[SourceQuality "1"]

1. e4 c5 2. Nf3 d6 3. d4 cxd4 4. Nxd4 Nf6 5. Nc3 a6 6. f3 e5 7. Nb3 Be6 8. Bg5 Nbd7 9. Qd2 h6 10. Be3 Be7 11. 0-0-0 Qc7 12. g4 Rc8 13. Kb1 b5 14. h4 b4 15. Na4 Qc6 16. Bh3 Qxa4 17. g5 Nh5 18. Bxe6 fxe6 19. gxh6 gxh6 20. Bxh6 Qb5 21. Rdg1 a5 22. Rg6 Ndf6 23. Rhg1 a4 24. Na1 a3 25. Bg7 Nxg7 26. Rxg7 Rh7 27. R7g6 Kd7 28. Rd1 Rc6 29. Nb3 axb2 30. f4 Nxe4 31. Qe1 0-1